000 00449 a2200157 4500
005 20250409075552.0
020 _a0-87352-379-2
082 _a808.02 GIB
100 _aGIBAIDI, J.
245 _aMLA Handbook for Writers of Research Papers
250 _a3rd ED.
260 _aNew York,
_bThe Modern Language Association of America,
_c1988.
300 _avii, 198p., ill, table,
_bIndex,
_c21cm.
700 _aACHTERT, W. S.
942 _2ddc
_cBKS
999 _c1227
_d1227